| 000 | 00000nam##2200000za#4500 |
| 001 | 9.574053 |
| 003 | CaOODSP |
| 005 | 20230501141950 |
| 007 | cr ||||||||||| |
| 008 | 150406|2001||||xxc|||||o f|0| 0 eng|d |
| 022 | |a1488-5379 |
| 040 | |aCaOODSP|beng |
| 043 | |an-cn--- |
| 086 | 1 |aFs97-6/2369E-PDF |
| 110 | 2 |aMaurice Lamontagne Institute. |
| 245 | 10|aImpact of various fishery management measures on egg production per recruit in American lobster (Homarus americanus) / |h[electronic resource]|c[by] Louise Gendron and Pierre Gagnon. |
| 260 | |aMont-Joli - Quebec : |bFisheries and Oceans Canada. |cc2001. |
| 300 | |a38p.|bfig., graphs, references, tables |
| 490 | 1 |aCanadian technical report of fisheries and aquatic sciences|x1488-5379|vNo. 2369 |
| 500 | |aThe catalogue number (Fs97-6/2369) and ISSN (0706-6457) for the print edition have been incorrectly copied in this electronic publication. |
| 546 | |a(Résumé en français) |
| 590 | |a12-22-Supp|b2012-05-24 |
| 720 | 1 |aGagnon, Pierre |
| 720 | 1 |aGendron, Louise |
| 775 | 08|tImpact de différentes mesures de gestion de la pêche au homard (Homarus americanus) sur la production d'oeufs par recrue / |w(CaOODSP)9.604039 |
| 776 | 0#|tImpact of various fishery management measures on egg production per recruit in American lobster (Homarus americanus) / |w(CaOODSP)9.615788 |
| 830 | #0|aCanadian technical report of fisheries and aquatic sciences,|x1488-5379|vNo. 2369|w(CaOODSP)9.504449 |
| 856 | 40|ahttp://publications.gc.ca|qPDF|s1.60 MB|uhttps://publications.gc.ca/collections/collection_2012/mpo-dfo/Fs97-6-2369-eng.pdf|yNo. 2369 |